Sichtbarkeit des Unsichtbaren: bibeltheologische Überlegungen zur Sichtbarkeit Christi im Neuen Testament und auf Heiligen Bildern

Saved in:  
Bibliographic Details
Main Author: Gruber, Margareta 1961- (Author)
Format: Print Article
Language:German
Check availability: HBZ Gateway
Interlibrary Loan:Interlibrary Loan for the Fachinformationsdienste (Specialized Information Services in Germany)
Published: 2012
In: Religion als Bild - Bild als Religion
Year: 2012, Pages: [45]-59

MARC

LEADER 00000caa a2200000 c 4500
001 1438026668
003 DE-627
005 20220531102737.0
007 tu
008 120711s2012 xx ||||| 00| ||ger c
020 |a 9783795425463 
035 |a (DE-627)1438026668 
035 |a (DE-576)368026663 
035 |a (DE-599)BSZ368026663 
040 |a DE-627  |b ger  |c DE-627  |e rakwb 
041 |a ger 
084 |a 1  |a 0  |2 ssgn 
100 1 |0 (DE-588)114344744  |0 (DE-627)507227190  |0 (DE-576)289793963  |4 aut  |a Gruber, Margareta  |d 1961- 
109 |a Gruber, Margareta 1961-  |a Gruber, Maria Margareta 1961-  |a Gruber, M. Margareta 1961-  |a Gruber, Margaretha 1961- 
245 1 0 |a Sichtbarkeit des Unsichtbaren  |b bibeltheologische Überlegungen zur Sichtbarkeit Christi im Neuen Testament und auf Heiligen Bildern  |c Margareta Gruber 
264 1 |c 2012 
336 |a Text  |b txt  |2 rdacontent 
337 |a ohne Hilfsmittel zu benutzen  |b n  |2 rdamedia 
338 |a Band  |b nc  |2 rdacarrier 
601 |a Sichtbarkeit 
601 |a Unsichtbarkeit 
601 |a Testament 
773 0 8 |i In  |t Religion als Bild - Bild als Religion  |b 1. Aufl.  |d Regensburg : Schnell + Steiner, 2012  |g (2012), Seite [45]-59  |h 326 Seiten  |w (DE-627)699890462  |w (DE-576)363807632  |z 3795425468  |z 9783795425463  |7 nnam 
773 1 8 |g year:2012  |g pages:[45]-59 
951 |a AR 
ELC |b 1 
ITA |a 1  |t 1 
ORI |a SA-MARC-ixtheo_oa001.raw 
REL |a 1 
SUB |a REL